Novelizácia pozemkového zákonodarstva Pozemkové vlastníctvo

Novelizácia v oblasti pozemkových vzťahov. Právne úpravy, dotýkajúce sa doterajších zákonov v novelizovanom znení zákona č.229/1991 Zb.o úprave vlastníckych vzťahov k pôde a inému poľnohospodárskemu majetku v znení neskorších predpisov. Prehľad o inštitútoch z hľadiska novelizácie zákonov. Reštitúci...

Descrizione completa

Salvato in:
Dettagli Bibliografici
Autore principale: Štefanovič, Milan
Natura: Capitolo di libro
Lingua:slovacco
Soggetti:
Tags: Aggiungi Tag
Nessun Tag, puoi essere il primo ad aggiungerne!!

MARC

LEADER 00000naa a2200000 4500
001 r016100
005 20221213123057.6
041 0 |a slo 
044 |a SK 
245 1 0 |a Novelizácia pozemkového zákonodarstva  |b Pozemkové vlastníctvo  |c Milan Štefanovič 
520 |a Novelizácia v oblasti pozemkových vzťahov. Právne úpravy, dotýkajúce sa doterajších zákonov v novelizovanom znení zákona č.229/1991 Zb.o úprave vlastníckych vzťahov k pôde a inému poľnohospodárskemu majetku v znení neskorších predpisov. Prehľad o inštitútoch z hľadiska novelizácie zákonov. Reštitúcie väčších výmerov pozemkov. Ochrana životného prostredia, ekologické záujmy. Pozemkové spoločenstvá v novej úprave. 
610 2 0 |a vlastníctvo pozemkové 
610 2 0 |a zákony 
610 2 0 |a pozemky 
610 2 0 |a reštitúcia 
610 2 0 |a prostredie životné 
610 2 0 |a zákonodarstvo 
100 1 |a Štefanovič, Milan